[Event "10th TCh-Euro sen"]
[Site "Dresden GER"]
[Date "2008.02.15"]
[Round "5"]
[White "Lechtynsky,J"]
[Black "Pushkov,N"]
[Result "1-0"]
[WhiteElo "2422"]
[BlackElo "2513"]

1.d4 Nf6 2.c4 e6 3.g3 d5 4.Nf3 Be7 5.Bg2 O-O 6.O-O c6 7.Qc2 Nbd7 8.b3 b6
9.Rd1 Ba6 10.Bb2 Rc8 11.Nc3 dxc4 12.e4 b5 13.bxc4 bxc4 14.Ne2 Rb8 15.Bc3 Bb4
16.Bxb4 Rxb4 17.a3 Rb7 18.Nc3 h6 19.Qa4 Bb5 20.Qc2 Qa5 21.h3 Rfb8 22.Qd2 Ba4
23.Rdc1 Rb2 24.Qe3 Bc2 25.Nd2 Bd3 26.Ncb1 e5 27.dxe5 Qxe5 28.Nc3 Qc5 29.Qe1 Qa5
30.Nf3 Ne5 31.Nxe5 Qxe5 32.Qe3 R8b3 33.f4 Qa5 34.Qd4 c5 35.Qe5 Bc2 36.Nd5 Nxd5
37.exd5 Qd2 38.Rxc2 Qd4+ 39.Qxd4 cxd4 40.Rxb2 Rxb2 41.Rc1 d3 42.Bf3 d2 43.Rxc4 Rb1+
44.Kf2 d1=Q 45.Bxd1 Rxd1 46.Rc5 Rd3 47.Ke2 Rd4 48.Ke3 Rd1 49.Ke4 Kf8 50.Ke5 Ke8
51.Kd6 Kd8 52.Rb5 Kc8 53.Ke7 Re1+ 54.Kxf7 Re3 55.g4 Rxh3 56.f5 Rg3 57.Rb4 h5
58.Kxg7  1-0

[Event "10th TCh-Euro sen"]
[Site "Dresden GER"]
[Date "2008.02.15"]
[Round "5"]
[White "Hecht,HJ"]
[Black "Buxade Roca,G"]
[Result "1-0"]
[WhiteElo "2387"]
[BlackElo "2199"]

1.Nf3 d5 2.c4 e6 3.d4 Nf6 4.g3 Be7 5.Bg2 O-O 6.O-O Nbd7 7.Qc2 c6 8.Rd1 b6
9.b3 Bb7 10.Nc3 Rc8 11.Bb2 Re8 12.e4 Nxe4 13.Nxe4 dxe4 14.Qxe4 Qc7 15.Qe2 Bf6
16.Rd2 Rcd8 17.Rad1 Nf8 18.h4 h6 19.Ne5 Nd7 20.Ng4 h5 21.Ne5 g6 22.Nf3 Bg7
23.Ng5 c5 24.Bxb7 Qxb7 25.Ne4 Qc7 26.dxc5 bxc5 27.Bxg7 Kxg7 28.Rd6 Re7 29.Qb2+ e5
30.Qd2 f5 31.Ng5  1-0

[Event "Aeroflot Open"]
[Site "Moscow RUS"]
[Date "2008.02.15"]
[Round "2"]
[White "Zhou Jianchao"]
[Black "Grachev,B"]
[Result "1/2-1/2"]
[WhiteElo "2551"]
[BlackElo "2601"]

1.d4 d5 2.c4 e6 3.Nf3 Nf6 4.g3 Be7 5.Bg2 O-O 6.O-O Nbd7 7.Qc2 c6 8.Nbd2 b6
9.e4 Bb7 10.b3 Rc8 11.Rd1 c5 12.exd5 exd5 13.dxc5 Bxc5 14.Qf5 g6 15.Qg5 Ne4
16.Nxe4 dxe4 17.Nd4 Qxg5 18.Bxg5 Ne5 19.h3 Nd3 20.Rxd3 exd3 21.Bxb7 Bxd4
22.Rd1 Rc7 23.Bd5 Kg7 24.Rxd3 Bf6 25.Be3 Be7 26.Bd4+ Bf6 27.Be3 Be7 28.Bd4+ Bf6
29.Be3 Be7 30.h4  1/2-1/2

[Event "67th ch-GEO KO"]
[Site "Tbilisi GEO"]
[Date "2008.02.15"]
[Round "1.1"]
[White "Mchedlishvili,M"]
[Black "Patsia,Z"]
[Result "1-0"]
[WhiteElo "2635"]
[BlackElo "2213"]

1.d4 d5 2.c4 e6 3.Nf3 Nf6 4.g3 Be7 5.Bg2 O-O 6.O-O Nbd7 7.Qc2 a6 8.Nbd2 c5
9.Rd1 cxd4 10.Nxd4 Qc7 11.cxd5 Qxc2 12.Nxc2 Nxd5 13.Nc4 b5 14.Na5 Bd8 15.Nc6 Bb7
16.Bxd5 exd5 17.Nxd8 Rfxd8 18.Be3 Rac8 19.Rd2 Nf8 20.Rad1 Ne6 21.f3 Rd6 22.Bd4 Nxd4
23.Nxd4 g6 24.Kf2 f5 25.Rc2 Rxc2 26.Nxc2 Rc6 27.Nd4 Rc7 28.Rd2 Kf7 29.Rc2 Rd7
30.Rc3 Ke7 31.Re3+ Kd6 32.Re6+ Kc7 33.Ke3 Rf7 34.h4 Bc8 35.Rc6+ Kd7 36.Kf4 Re7
37.b4  1-0

[Event "10th TCh-Euro sen"]
[Site "Dresden GER"]
[Date "2008.02.16"]
[Round "6"]
[White "Boehlig,H"]
[Black "Hampel,Jo"]
[Result "1/2-1/2"]
[WhiteElo "2256"]
[BlackElo "2194"]

1.d4 d5 2.c4 e6 3.Nf3 Nf6 4.g3 Be7 5.Bg2 O-O 6.O-O dxc4 7.Qc2 a6 8.Qxc4 b5
9.Qc2 Bb7 10.Bf4 Nc6 11.Rd1 Nb4 12.Qc1 Rc8 13.Nc3 Nbd5 14.Ne5 Nxc3 15.Qxc3 Bxg2
16.Kxg2 Qd5+ 17.Qf3 Qxf3+ 18.Kxf3 c5 19.dxc5 Rxc5 20.Nd7 Nxd7 21.Rxd7 Bf6
22.Rad1 Rfc8 23.Ra7 Bxb2 24.Rxa6 h6 25.Rd7 g5 26.Be3 Rf5+ 27.Kg2 Rc2 28.Ra8+ Kg7
29.Kf1 Rd5 30.Rxd5 exd5 31.Rd8 d4 32.Bxd4+ Bxd4 33.Rxd4 Rxa2 34.Ke1 Ra1+
35.Kd2 Rh1 36.Rb4  1/2-1/2

[Event "TCh-HUN 2007-8"]
[Site "Budapest HUN"]
[Date "2008.02.17"]
[Round "6"]
[White "Ignacz,M"]
[Black "Palotas,P"]
[Result "1-0"]
[WhiteElo "2223"]
[BlackElo "2000"]

1.d4 Nf6 2.c4 e6 3.g3 d5 4.Bg2 Be7 5.Nf3 O-O 6.O-O dxc4 7.Qc2 a6 8.Qxc4 b5
9.Qc2 Bb7 10.Bd2 Nbd7 11.Ba5 Rc8 12.Nbd2 Nb6 13.b4 Bxf3 14.Bxf3 Qxd4 15.Bb7 Rb8
16.Bxa6 Rfd8 17.Nf3 Qc4 18.Qxc4 bxc4 19.Ne5 Ra8 20.Bb7 Rab8 21.Bf3 Nbd5 22.Nc6 Bxb4
23.Bxb4  1-0

[Event "10th TCh-Euro sen"]
[Site "Dresden GER"]
[Date "2008.02.17"]
[Round "7"]
[White "Nystrom,R"]
[Black "Warnke,E"]
[Result "1/2-1/2"]
[WhiteElo "2026"]
[BlackElo "1787"]

1.d4 d5 2.c4 e6 3.g3 Nf6 4.Bg2 Be7 5.Nf3 O-O 6.O-O b6 7.Nbd2 Bb7 8.b3 Nbd7
9.Bb2 c5 10.Rc1 Rc8 11.cxd5 Bxd5 12.e3 cxd4 13.Bxd4 Rxc1 14.Qxc1 Qc8 15.Qb1 Qa8
16.Ne1 Bxg2 17.Nxg2  1/2-1/2

[Event "79th ch-GER"]
[Site "Bad Woerishofen GER"]
[Date "2008.02.18"]
[Round "4"]
[White "Heinig,Wo"]
[Black "Graf,F"]
[Result "1-0"]
[WhiteElo "2338"]
[BlackElo "2177"]

1.d4 e6 2.g3 Nf6 3.Bg2 Be7 4.c4 d5 5.Nf3 O-O 6.O-O c6 7.Nc3 Nbd7 8.b3 b6
9.Bb2 Ba6 10.Nd2 b5 11.cxb5 cxb5 12.a3 Ne8 13.Re1 f5 14.e3 Nd6 15.Ne2 g5
16.Nf3 Rc8 17.Ne5 Nf6 18.Nc1 b4 19.axb4 Qb6 20.Ncd3 Bxd3 21.Nxd3 Rc7 22.Nc5 Kf7
23.Ra4 g4 24.Qd3 h5 25.Rea1 h4 26.Bc3 h3 27.Bf1 Nfe4 28.Be1 Rfc8 29.Ra6 Qb8
30.Be2 Ng5 31.R1a5 Nb7 32.Rb5 Ne4 33.Kf1 Ned6 34.Rxb7 Rxb7 35.Nxb7 Qxb7 36.b5 Rc1
37.Qd2 Rc7 38.Qa5 Nc8 39.Qd2 Rd7 40.Rc6 Nd6 41.Qa5 Bd8 42.Qa6 Bb6 43.Rxd6  1-0

[Event "79th ch-GER"]
[Site "Bad Woerishofen GER"]
[Date "2008.02.19"]
[Round "5"]
[White "Heinig,Wo"]
[Black "Zude,A"]
[Result "0-1"]
[WhiteElo "2338"]
[BlackElo "2452"]

1.d4 Nf6 2.c4 e6 3.g3 d5 4.Nf3 Be7 5.Bg2 O-O 6.O-O dxc4 7.Qc2 a6 8.a4 Bd7
9.Ne5 Bc6 10.Nxc6 Nxc6 11.e3 Nd5 12.a5 b5 13.axb6 cxb6 14.Qxc4 Ncb4 15.Bd2 Qc8
16.Rc1 Qxc4 17.Rxc4 Rac8 18.Bxd5 exd5 19.Bxb4 Rxc4 20.Bxe7 Rc1+ 21.Kg2 Rfc8
22.Bb4 h6 23.Bc3 b5 24.Kf3 Rc4 25.Ke2 b4 26.Bd2 Rh1 27.Kd3 f5 28.b3 Rc6 29.h4 h5
30.f3 Rd1 31.e4 Rcc1 32.exd5 Rxb1 33.Rxb1 Rxb1 34.Bxb4 Kf7 35.Kc4 Rc1+ 36.Bc3 Ke7
37.Kd3 Kd6 38.Bb4+ Kxd5 39.Bc5 Rg1 40.Ke3  0-1

[Event "Aeroflot Open"]
[Site "Moscow RUS"]
[Date "2008.02.20"]
[Round "7"]
[White "Grigoriants,S RUS"]
[Black "Hou Yifan"]
[Result "1/2-1/2"]
[WhiteElo "2583"]
[BlackElo "2527"]

1.d4 e6 2.c4 Nf6 3.g3 d5 4.Bg2 Be7 5.Nf3 O-O 6.O-O dxc4 7.Qc2 a6 8.Qxc4 b5
9.Qc2 Bb7 10.Bd2 Be4 11.Qc1 Bb7 12.Rd1 Qc8 13.Ba5 c5 14.dxc5 Qxc5 15.Qxc5 Bxc5
16.Nbd2 Nbd7 17.Nb3 Bb6 18.Ne5 Bxg2 19.Nxd7 Nxd7 20.Kxg2 Bxa5 21.Nxa5 Ne5
22.Rac1 Rfc8 23.h3 g5 24.f4 gxf4 25.gxf4 Nc4 26.Nxc4 bxc4 27.Kf3 Rab8 28.Rc2 Rc5
29.b3 Rbc8 30.Ke4  1/2-1/2

[Event "Aeroflot Open"]
[Site "Moscow RUS"]
[Date "2008.02.20"]
[Round "7"]
[White "Pavlovic,Milos"]
[Black "Lysyj,I"]
[Result "0-1"]
[WhiteElo "2522"]
[BlackElo "2593"]

1.d4 Nf6 2.Nf3 e6 3.c4 d5 4.g3 Be7 5.Bg2 O-O 6.Qc2 c5 7.dxc5 Qa5+ 8.Nc3 Nc6
9.O-O dxc4 10.Rd1 Nb4 11.Qb1 Qxc5 12.Be3 Qa5 13.Bd4 Nc6 14.Bxf6 Bxf6 15.Ne4 Be7
16.Qc2 Qa6 17.Nd6 Rd8 18.Nxc4 Bd7 19.Nfe5 Nxe5 20.Nxe5 Be8 21.Rxd8 Rxd8 22.Qc7 Kf8
23.Nd3 b6 24.Bb7 Qa4 25.Bf3 Bf6 26.a3 Qd7 27.Rc1 Qxc7 28.Rxc7 Bb5 29.Be4 a5
30.b3 Rd4 31.f3 Bd8 32.Rc3 f5 33.Bc6 Ba6 34.b4 Rc4 35.Rxc4 Bxc4 36.Kf2 Bf6
37.Ke3 Bc3 38.bxa5 bxa5 39.f4 Ke7 40.Ne5 Ba6 41.Ba4 Kd6 42.Nf7+ Kc5 43.Bd7 Bc4
44.h3 Bb2 45.a4 h6 46.Kd2 Bf6 47.g4 fxg4 48.hxg4 Kb4 49.e4 g5 50.Ke3 Bb2
51.Kf3 Bb3 52.fxg5 hxg5 53.Nxg5 Bxa4 54.Bxe6 Bd1+ 55.Kf4 a4 56.e5 a3 57.Ne4 Bb3
58.Bxb3 Bxe5+ 59.Kxe5 Kxb3 60.Nc5+ Kc4  0-1

[Event "18th ch-IRI"]
[Site "Tehran IRI"]
[Date "2008.02.20"]
[Round "6"]
[White "Roghani,A"]
[Black "Golizadeh,A"]
[Result "1-0"]
[WhiteElo "2362"]
[BlackElo "2296"]

1.Nf3 Nf6 2.c4 e6 3.g3 d5 4.d4 Be7 5.Bg2 O-O 6.O-O dxc4 7.Qc2 a6 8.Qxc4 b5
9.Qc2 Bb7 10.Bf4 Bd6 11.Nbd2 Nbd7 12.Rac1 Rc8 13.Nb3 Qe7 14.Rfd1 Bxf4 15.gxf4 Be4
16.Qd2 c5 17.dxc5 Bd5 18.Qe3 Bxb3 19.axb3 Rxc5 20.Nd4 Nd5 21.Bxd5 Rxd5 22.Nc6 Rxd1+
23.Rxd1 Qc5 24.Qxc5 Nxc5 25.b4 Na4 26.Rd7 Ra8 27.Ne5 f6 28.Nd3 Rc8 29.Kf1 Rc2
30.b3 Nb2 31.Nc5 Rc3 32.Ra7 e5 33.f5 Rh3 34.Ne6 g6 35.Rg7+ Kh8 36.Rf7  1-0

[Event "ch-IRI w"]
[Site "Tehran IRI"]
[Date "2008.02.22"]
[Round "7"]
[White "Ghader Pour,S"]
[Black "Tajik,S"]
[Result "1-0"]
[WhiteElo "2185"]
[BlackElo "1992"]

1.c4 e6 2.Nf3 d5 3.g3 Nf6 4.Bg2 Be7 5.d4 O-O 6.O-O dxc4 7.Qc2 a6 8.a4 Bd7
9.Qxc4 Bc6 10.Bg5 Bd5 11.Qd3 Be4 12.Qe3 Nbd7 13.Nc3 Bc6 14.Qd3 Bb4 15.Rfe1 h6
16.Bxf6 Nxf6 17.e4 b6 18.Ne5 Bb7 19.Rad1 Nd7 20.Ng4 Qg5 21.Ne3 Rfd8 22.Qc4 Bxc3
23.Qxc3 c5 24.d5 exd5 25.Nxd5 Kh8 26.h4 Qg6 27.Nf4 Qh7 28.Rd6 Nf6 29.Rxb6 Bxe4
30.Rxf6 gxf6 31.Bxe4  1-0

[Event "1st ZSKA Open"]
[Site "Sofia BUL"]
[Date "2008.02.23"]
[Round "2"]
[White "Tzekov,S"]
[Black "Mitrev,K"]
[Result "1-0"]
[WhiteElo "2219"]
[BlackElo "2149"]

1.d4 d5 2.Nf3 e6 3.c4 Be7 4.g3 Nf6 5.Bg2 O-O 6.O-O dxc4 7.Qc2 c5 8.Qxc4 Nbd7
9.Rd1 a6 10.Qc2 Qc7 11.Bf4 Bd6 12.Bxd6 Qxd6 13.Nc3 Rb8 14.e4 cxd4 15.Nxd4 Qc7
16.Rac1 b5 17.Qe2 Qc4 18.Qe1 e5 19.Nf5 Bb7 20.Qe3 h6 21.a3 Qc5 22.Qe1 Qa7
23.Rd6 g6 24.Ne7+ Kg7 25.Rcd1 Nb6 26.Qe3 Nc8 27.Qxa7 Nxa7 28.f4 Rfc8 29.fxe5 Ng4
30.Nxc8  1-0

[Event "65th ch-GEO w"]
[Site "Tbilisi GEO"]
[Date "2008.03.01"]
[Round "3"]
[White "Tereladze,S"]
[Black "Batsiashvili,N"]
[Result "1-0"]
[WhiteElo "2195"]
[BlackElo "2317"]

1.Nf3 Nf6 2.c4 e6 3.g3 d5 4.d4 Be7 5.Bg2 O-O 6.O-O dxc4 7.Qa4 a6 8.Qxc4 b5
9.Qc2 Bb7 10.Nbd2 Nbd7 11.Nb3 Be4 12.Qd1 c5 13.dxc5 Nxc5 14.Qxd8 Rfxd8 15.Nxc5 Bxc5
16.Ne5 Rac8 17.a4 Bd4 18.Bxe4 Nxe4 19.Nd3 h5 20.axb5 axb5 21.Kg2 Rc2 22.Kf3 Nd6
23.Bf4 Nc4 24.Rac1 Rxc1 25.Rxc1 Ra8 26.b3 Na5 27.Rb1 Rc8 28.Bd2 Bc3 29.Bxc3 Rxc3
30.b4 Nc4 31.Rc1 Ra3 32.Ke4 Ra2 33.Re1 Rc2 34.Kd4 Nd6 35.Ke5 Nc4+ 36.Kd4 Nd2
37.Ke5 Kf8 38.Kd6 Ne4+ 39.Kd7 g6 40.f3 Nf6+ 41.Kd6 Ne8+ 42.Kd7 Rc7+ 43.Kd8 Rc4
44.Ne5 Rxb4 45.Nd7+ Kg7 46.Kxe8 h4 47.Ne5 hxg3 48.hxg3 f6 49.Nd3 Rc4 50.Rb1 e5
51.Rxb5 g5 52.Rb7+ Kg6 53.Rb6 Rc2 54.e4 Kg7 55.Ke7 Rc7+ 56.Ke6 Kg6 57.f4 gxf4
58.gxf4 exf4 59.Nxf4+ Kg5 60.Nd5 Rc5 61.Nxf6 Kf4 62.Nd7  1-0

[Event "65th ch-GEO w"]
[Site "Tbilisi GEO"]
[Date "2008.03.02"]
[Round "4"]
[White "Dzagnidze,N"]
[Black "Tereladze,S"]
[Result "1-0"]
[WhiteElo "2429"]
[BlackElo "2195"]

1.d4 d5 2.c4 e6 3.g3 Be7 4.Bg2 Nf6 5.Nf3 O-O 6.O-O dxc4 7.Qc2 a6 8.a4 Bd7
9.Qxc4 Bc6 10.Bf4 Bd6 11.Nbd2 a5 12.Bg5 Be7 13.Qc2 Na6 14.e4 Nb4 15.Qb1 h6
16.Be3 b6 17.Ne5 Bb7 18.Rd1 Ra7 19.Ndc4 Qa8 20.f3 Rd8 21.Ra3 Nd7 22.Rc3 Nxe5
23.Nxe5 Qb8 24.f4 Na6 25.f5 exf5 26.Qa2 Rf8 27.Nd7 Qe8 28.Nxf8 Bxf8 29.exf5 Nb4
30.Qb3 Bxg2 31.Kxg2 Qe4+ 32.Kg1 Nd5 33.Rcd3 c5 34.Bf2 c4 35.Qxc4 Rc7 36.Qb3 Qxf5
37.Re1 Nb4 38.Rc3 Rd7 39.Re8 Re7 40.Rxe7 Bxe7 41.Rf3 Qb1+ 42.Kg2 Bf6 43.Re3 Qg6
44.Re8+ Kh7 45.Qf3 Bg5 46.d5 f5 47.Re6  1-0

[Event "10th Rector Cup w"]
[Site "Kharkiv UKR"]
[Date "2008.03.03"]
[Round "8"]
[White "Grapsa,G"]
[Black "Doluhanova,E"]
[Result "1/2-1/2"]
[WhiteElo "2103"]
[BlackElo "2223"]

1.d4 d5 2.c4 e6 3.Nf3 Nf6 4.g3 Be7 5.Bg2 O-O 6.O-O Nbd7 7.Qc2 Ne4 8.Ne1 c5
9.dxc5 Ndxc5 10.b4 Na6 11.a3 Bf6 12.Bb2 Bxb2 13.Qxb2 b6 14.cxd5 exd5 15.Nd3 Bb7
16.e3 Rc8 17.Nd2 Nc7 18.Nf3 Nb5 19.Rac1 Qf6 20.Nd4 Nxd4 21.exd4 Rfe8  1/2-1/2

[Event "TCh-BEL 2007-8"]
[Site "Belgium BEL"]
[Date "2008.03.06"]
[Round "11"]
[White "Van Heirzeele,D"]
[Black "Litwak,A"]
[Result "0-1"]
[WhiteElo "2244"]
[BlackElo "2284"]

1.d4 Nf6 2.c4 e6 3.g3 d5 4.Nf3 Be7 5.Bg2 O-O 6.O-O dxc4 7.Qc2 a6 8.a4 Bd7
9.Qxc4 Bc6 10.Bg5 Bd5 11.Qd3 c5 12.dxc5 Nbd7 13.b4 a5 14.Nc3 axb4 15.Nxd5 Nxd5
16.Bxe7 Qxe7 17.e4 Nc3 18.Qd6 Rfe8 19.e5 Nxc5 20.Nd2 Rad8 21.Qxe7 Rxe7 22.Nc4 Nb3
23.Rab1 Nxb1 24.Rxb1 Rc7 25.Bf1 Nd2 26.Nxd2 Rxd2 27.Rxb4 Kf8 28.Bb5 Rd5 29.Re4 Rcc5
30.f4 Rd2 31.Be2 Rcc2 32.Kf2 Ke7 33.g4 Kd7 34.Kf3 Rc3+ 35.Kf2 Kc7 36.h4 Rcc2
37.Kf3 Rxe2 38.Rxe2 Rxe2 39.Kxe2 Kb6 40.Kd3 Ka5 41.Kc4 Kxa4 42.Kc5 b5 43.Kd6 b4
44.Ke7 b3 45.Kxf7 b2 46.Kxe6 b1=Q 47.f5 Qb3+  0-1

[Event "10th WCh-University"]
[Site "Novokuznetsk RUS"]
[Date "2008.03.07"]
[Round "5"]
[White "Zhumabayev,R"]
[Black "Lysyj,I"]
[Result "1/2-1/2"]
[WhiteElo "2436"]
[BlackElo "2593"]

1.d4 e6 2.Nf3 Nf6 3.c4 d5 4.g3 Be7 5.Bg2 O-O 6.O-O dxc4 7.Qc2 a6 8.a4 Bd7
9.Qxc4 Bc6 10.Bg5 Bd5 11.Qc2 Be4 12.Qc1 h6 13.Bxf6 Bxf6 14.Nc3 Bxf3 15.Bxf3 c6
16.Rd1 a5 17.Ne4 Na6 18.Qc4 Qe7 19.Rd2 Rfd8 20.Rad1 Rd7 21.e3 Rad8 22.h4 Nb4
23.Kg2 b6 24.h5 Rc8 25.Qe2 Qd8 26.Rc1 Be7 27.Rdd1 Rdc7 28.Rc4 Qe8 29.Rdc1 Na2
30.Ra1 Nb4 31.Nc3 Bf8 32.Rc1 Bd6 33.Qd1 Qe7 34.Ne4 Na2 35.Ra1 Nb4 36.Qb3 Qd8
37.Rac1 Bf8 38.Rd1 Rd7 39.Rdc1 Rdc7 40.Kg1 Qe7 41.Nc3 Nd3 42.Rb1 Nb4 43.Qd1 Qd8
44.Rc1 Be7 45.Be4 Nd5 46.Bd3 Nf6 47.Qf3 Bb4 48.Ne4 Ne8 49.Bb1 f5 50.Nc3 Nd6
51.Ba2 Nxc4 52.Bxc4 Qf6 53.Ne2 Kh7 54.Ba6 Rd8 55.Rxc6 Rxc6 56.Qxc6 e5 57.Qxf6 gxf6
58.Bd3 e4 59.Bc4 Rc8 60.b3 Kg7 61.Nf4 Bd6 62.Nd5 b5 63.Bxb5 Rc1+ 64.Kg2 Rb1
65.Bc4 Rb2 66.Kg1 Rb1+ 67.Kh2 Rb2 68.Kg2 Rc2 69.Kg1 Bb4 70.Kf1 Rc1+ 71.Kg2 Bd6
72.Nb6 Rc2 73.Nd5 Rb2 74.Nc3 Bb4 75.Ne2 Kf8 76.Kf1 Rb1+ 77.Kg2 Rb2 78.Nf4 Be1
79.Ne2 Bb4 80.Ng1 Be1 81.Nh3 Bd2 82.Kf1 Rb1+ 83.Kg2 Rb2 84.Kf1  1/2-1/2

[Event "10th WCh-University"]
[Site "Novokuznetsk RUS"]
[Date "2008.03.07"]
[Round "5"]
[White "Bilegt,B"]
[Black "Battulga,N"]
[Result "1-0"]
[WhiteElo "2211"]
[BlackElo "2306"]

1.c4 e6 2.Nf3 d5 3.d4 Nf6 4.g3 Be7 5.Bg2 O-O 6.O-O dxc4 7.Ne5 Nc6 8.Nxc6 bxc6
9.Bxc6 Rb8 10.b3 cxb3 11.axb3 Bb7 12.Bxb7 Rxb7 13.Ba3 Bxa3 14.Nxa3 Qb8 15.Nc4 Rxb3
16.Ne5 Qb7 17.Qc2 Ra8 18.Ra5 Rb2 19.Qc4 Rb4 20.Qc5 Qb6 21.Rc1 Rb1 22.Rxb1 Qxb1+
23.Kg2 Qe4+ 24.Kg1 Nd5 25.Rxa7 Rb8 26.Qb5 Rd8 27.Qd3 Qxd3 28.Nxd3 h5 29.h4 Rb8
30.Ne5 Rc8 31.Kg2 f6 32.Nc6 Kf7 33.Rb7 Ne7 34.Na7 Re8 35.Rxc7 Kg6 36.e4 f5
37.f3 fxe4 38.fxe4 Ng8 39.Rc8 Rxc8 40.Nxc8 Nf6 41.Kf3 Kf7 42.Kf4 Ne8 43.Kg5 g6
44.Kh6 Nf6 45.Nd6+ Ke7 46.e5  1-0

[Event "Open"]
[Site "Blackpool ENG"]
[Date "2008.03.08"]
[Round "2"]
[White "Auckland,E"]
[Black "Muter,D"]
[Result "0-1"]
[WhiteElo "1925"]
[BlackElo "2232"]

1.d4 d5 2.c4 e6 3.Nf3 Nf6 4.g3 Be7 5.Bg2 O-O 6.O-O dxc4 7.Qc2 a6 8.Qxc4 b5
9.Qc2 Bb7 10.Nbd2 Nbd7 11.Rd1 c5 12.Ne5 Bxg2 13.Kxg2 Qb6 14.Nxd7 Nxd7 15.Nf3 cxd4
16.Rxd4 Rac8 17.Qd1 Nf6 18.b4 Nd5 19.Bb2 Rfd8 20.a3 Bf6 21.e4 Bxd4 22.Bxd4 Nc3
23.Qd2 Qb7 24.Qb2 Nxe4 25.Bxg7 Ng5 26.Bh6 Qxf3+ 27.Kf1 Rd1+ 28.Rxd1 Qxd1+
29.Kg2 Qf3+ 30.Kf1 f6 31.h4 Rd8  0-1

[Event "XXIII Open"]
[Site "Reykjavik ISL"]
[Date "2008.03.08"]
[Round "6"]
[White "Dizdar,G"]
[Black "Perunovic,Mio"]
[Result "1-0"]
[WhiteElo "2564"]
[BlackElo "2440"]

1.d4 Nf6 2.c4 e6 3.g3 d5 4.Bg2 Be7 5.Nf3 O-O 6.O-O c6 7.Nc3 Nbd7 8.b3 b6
9.Bb2 Bb7 10.Rc1 Rc8 11.Ne5 Rc7 12.Qd2 Qb8 13.Nd3 c5 14.cxd5 cxd4 15.Nb5 Rxc1
16.Rxc1 Nxd5 17.Bxd4 a6 18.Nc3 Nxc3 19.Qxc3 Rc8 20.Qb2 Rxc1+ 21.Qxc1 Bxg2
22.Kxg2 Qb7+ 23.f3 Bf6 24.Be3 h6 25.Nf2 Be5 26.Nd3 Bf6 27.Nb2 Be7 28.Nc4 Qc7
29.Qd2 Bc5 30.Bxc5 Nxc5 31.Kf2 Kf8 32.Qd4 Nd7 33.Ke3 b5 34.Qd6+ Qxd6 35.Nxd6 Ke7
36.Nb7 Nb8 37.b4 Kd7 38.a3 Kc7 39.Nc5 Kd6 40.f4 Kd5 41.Kd3 f5 42.e4+ fxe4+
43.Nxe4 e5 44.f5 Nc6 45.g4 Nd4 46.f6 gxf6 47.Nxf6+ Ke6 48.Ng8 Nf3 49.h3 Ng5
50.h4 Nf7 51.Ke3 Kd5 52.Nf6+ Kc4 53.Ne4 Kd5 54.Nf6+ Ke6 55.Ne4 Kd5 56.Kd3 Nh8
57.Nf6+ Ke6 58.Ne8 Kd7 59.Ng7 Nf7 60.Ke4 Kd6 61.Ne8+ Kd7 62.Ng7 Kd6 63.Kf5 Kd5
64.Kf6 Nd6 65.Nh5 Ke4 66.g5 hxg5 67.hxg5 Kf3 68.Kxe5  1-0

[Event "19th PSPB Inter TCh"]
[Site "Ooty IND"]
[Date "2008.03.09"]
[Round "3"]
[White "Sasikiran,K"]
[Black "Ramesh,R"]
[Result "1-0"]
[WhiteElo "2677"]
[BlackElo "2473"]

1.Nf3 Nf6 2.c4 e6 3.g3 d5 4.Bg2 Be7 5.d4 O-O 6.Qc2 c6 7.O-O b6 8.b3 Ba6 9.Bb2 Nbd7
10.Nbd2 Rc8 11.e4 c5 12.exd5 exd5 13.Rfd1 Qc7 14.cxd5 Nxd5 15.Qf5 Nb4 16.Ne4 Bd3
17.dxc5 g6 18.Qh3 Nxc5 19.Qh6 f6 20.Neg5  1-0

[Event "ch-RUS Girls u20"]
[Site "St Petersburg RUS"]
[Date "2008.03.11"]
[Round "4"]
[White "Meleshko,Ann"]
[Black "Gunina,V"]
[Result "0-1"]
[WhiteElo "2215"]
[BlackElo "2295"]

1.d4 d5 2.c4 e6 3.Nf3 Nf6 4.g3 Be7 5.Bg2 O-O 6.O-O dxc4 7.Ne5 Nc6 8.Nxc6 bxc6
9.Bxc6 Rb8 10.Bg2 Bb7 11.Nc3 Bxg2 12.Kxg2 Bb4 13.f3 Qd7 14.Bg5 Rfd8 15.e3 Bxc3
16.bxc3 Rb2+ 17.Rf2 Rdb8 18.e4 Qb5 19.Bc1 Rxf2+ 20.Kxf2 Qh5 21.Qg1 Qa5 22.Qe1 Ne8
23.Qd2 Nd6 24.Qc2 h6 25.Bd2 Qb6 26.Ke2 Qb5 27.g4 c5 28.dxc5 Qxc5 29.Bf4 Rb7
30.Rd1 Nb5 31.a4 Na3 32.Qa2 Rb3 33.Bd6 Qa5 34.Bb4 Qe5 35.Ke3 g5 36.Qe2 a5
37.Rd8+ Kh7 38.Bd6 Qxc3+  0-1

[Event "ch-Siberia"]
[Site "Novokuznetsk RUS"]
[Date "2008.03.21"]
[Round "9"]
[White "Iskusnyh,S"]
[Black "Kolesnikov,E"]
[Result "1/2-1/2"]
[WhiteElo "2478"]
[BlackElo "2370"]

1.d4 d5 2.c4 e6 3.Nf3 Nf6 4.g3 Be7 5.Bg2 O-O 6.O-O c6 7.Qc2 b6 8.b3 Nbd7
9.Rd1 Ba6 10.a4 Rc8 11.Bb2 c5 12.Na3 Qc7 13.Nb5 Qb8 14.Ne5 cxd4 15.Nxd7 Nxd7
16.Bxd4 Bf6 17.Qa2 dxc4 18.bxc4 Bxd4 19.Rxd4 Nc5 20.Rb1 Rfd8 21.e3 Bb7 22.a5 Bxg2
23.Kxg2 Nd3 24.axb6 axb6 25.Qa6 Ne5 26.Nd6 Rc6 27.c5 Rxc5 28.Rxb6 Qc7 29.Nb7 Rb8
30.Rbd6 Rc6 31.Qa5 Qxa5 32.Nxa5 Rxd6 33.Rxd6 g6 34.Nc6 Nxc6 35.Rxc6 h5 36.Rc2 Kg7
37.f4 f5 38.Kf3 Kf6 39.Rc3 Rb2 40.h3 Rh2 41.h4 Ra2 42.e4 fxe4+ 43.Kxe4 Ra4+
44.Ke3 Rb4 45.Kf3 Ra4 46.Re3 Rb4 47.g4 hxg4+ 48.Kxg4 Rb1 49.Re5  1/2-1/2

[Event "SCT Ladies Open"]
[Site "Stockholm SWE"]
[Date "2008.03.21"]
[Round "2"]
[White "Kostiukova,L"]
[Black "Hunt,H"]
[Result "0-1"]
[WhiteElo "2290"]
[BlackElo "2457"]

1.d4 Nf6 2.c4 e6 3.g3 d5 4.Bg2 Be7 5.Nf3 O-O 6.O-O dxc4 7.Qc2 a6 8.Qxc4 b5
9.Qc2 Bb7 10.Bg5 Nbd7 11.Bxf6 Nxf6 12.Nbd2 Rc8 13.Nb3 Be4 14.Qc3 Nd5 15.Qd2 Bb4
16.Qd1 Nb6 17.a3 Be7 18.Nbd2 Ba8 19.b4 f5 20.e3 Bd5 21.Ne5 c6 22.Rc1 Qe8
23.Nb3 Bd6 24.Na5 Bxe5 25.dxe5 Qd7 26.Qd4 Na4 27.e4 fxe4 28.Bxe4 Rfd8 29.Rfd1 c5
30.bxc5 Qc7 31.Bxd5 Rxd5 32.Qg4 Rxd1+ 33.Rxd1 Nxc5 34.Nb3 h5 35.Qb4 Nxb3
36.Qxb3 Qxe5 37.Qb4 Rc4 38.Rd8+ Kh7 39.Qf8 Qe1+ 40.Kg2 Qe4+ 41.Kh3 Qf5+ 42.Qxf5+ exf5
43.Rd6 Ra4 44.Rd3 h4 45.f4 hxg3 46.hxg3 Kg6 47.Kh4 Kf6 48.Kh5 Re4 49.Rc3 Rc4
50.Rd3 Rc6 51.Rd5 Rb6 52.Rc5 a5 53.g4 fxg4 54.Kxg4 b4 55.axb4 axb4 56.Rc2 b3
57.Rb2 Rb4 58.Kf3 Kf5 59.Ke3 g6  0-1

[Event "SCT Ladies Open"]
[Site "Stockholm SWE"]
[Date "2008.03.21"]
[Round "3"]
[White "Batsiashvili,N"]
[Black "Charkhalashvili,I"]
[Result "0-1"]
[WhiteElo "2317"]
[BlackElo "2369"]

1.d4 Nf6 2.c4 e6 3.g3 d5 4.Nf3 Be7 5.Bg2 O-O 6.O-O c6 7.Bf4 Nbd7 8.Nc3 dxc4
9.e4 b5 10.d5 Qa5 11.Nd4 Qb6 12.dxc6 Nc5 13.Ncxb5 Nd3 14.Bc7 Qc5 15.e5 Nd5
16.a3 Nxc7 17.Nxc7 Rb8 18.Ndb5 a6 19.a4 axb5 20.Nxb5 Nxb2 21.Qc2 Nxa4 22.Rxa4 Rxb5
23.Re1 Rb4 24.Ra8 Qb6 25.Re2 Rb1+ 26.Bf1 Qxc6  0-1

[Event "TCh-FRA Top 16 Gp B"]
[Site "Cannes FRA"]
[Date "2008.03.22"]
[Round "1"]
[White "Tkachiev,V"]
[Black "Drasko,M"]
[Result "1-0"]
[WhiteElo "2657"]
[BlackElo "2540"]

1.Nf3 Nf6 2.c4 e6 3.g3 d5 4.d4 Be7 5.Bg2 O-O 6.O-O Nbd7 7.b3 c6 8.Bb2 b6
9.Nc3 Bb7 10.Qc2 Rc8 11.Rfd1 Qc7 12.Rac1 Rfd8 13.e3 Qb8 14.Qe2 c5 15.cxd5 Nxd5
16.Nxd5 Bxd5 17.e4 Bb7 18.d5 exd5 19.exd5 Bf6 20.Nh4 Re8 21.Qd2 Bxb2 22.Qxb2 g6
23.Nf3 Rcd8 24.b4 cxb4 25.Qxb4 Nc5 26.Ng5 h6 27.Ne4 Nxe4 28.Bxe4 Qe5 29.Rd4 Rd7
30.Rcd1 Red8 31.Qd2 Kg7 32.Bf3 Qg5 33.Qd3 Qe5 34.h4 h5 35.Qd2 Kg8 36.Re1 Qf6
37.Re3 b5 38.Kh2 a6 39.Bg2 Qb6 40.Re5 Qf6 41.Qe3 Kh7 42.f4 Rg8 43.Rd2 Bc8
44.Rc2 Rd6 45.Rc7 Kg7 46.Ree7 Rf8 47.Rc6 Bf5 48.Rxd6 Qxd6 49.Qe5+ Qxe5 50.fxe5 Rc8
51.e6 Rc2 52.Rxf7+ Kg8 53.Rf6 Re2 54.Kg1 Kg7 55.Rf7+ Kg8 56.Bf3 Rxa2 57.Ra7 Rd2
58.Ra8+ Kg7 59.e7  1-0

[Event "TCh-FRA Top 16 Gp A"]
[Site "Marseille FRA"]
[Date "2008.03.22"]
[Round "1"]
[White "Gozzoli,Y"]
[Black "Miralles,G"]
[Result "1-0"]
[WhiteElo "2510"]
[BlackElo "2490"]

1.d4 d5 2.c4 e6 3.g3 Nf6 4.Nf3 Be7 5.Bg2 O-O 6.O-O dxc4 7.Qc2 a6 8.a4 Bd7
9.Qxc4 b5 10.Qc2 Nc6 11.axb5 Nb4 12.Qd1 Bxb5 13.Nc3 Qe8 14.Bg5 h6 15.Bxf6 Bxf6
16.Ne4 Be7 17.Qd2 Nd5 18.Rfc1 Bb4 19.Qd1 a5 20.e3 a4 21.Bf1 c6 22.Bxb5 cxb5
23.Qd3 Qd7 24.Ne5 Qb7 25.Nc5 Bxc5 26.Rxc5 Rfb8 27.Rac1 Nb4 28.Qa3 Na6 29.Rc6 f6
30.Nd3 Rc8 31.Qd6 Rxc6 32.Rxc6 b4 33.Qxe6+ Kh8 34.Rb6 Qa7 35.Nxb4 Nc7 36.Qd6  1-0

[Event "ch-WLS"]
[Site "Cardiff WLS"]
[Date "2008.03.23"]
[Round "4"]
[White "Morris,Ga"]
[Black "Blackburn,Su"]
[Result "1-0"]
[WhiteElo "2118"]
[BlackElo "1856"]

1.d4 e6 2.c4 Nf6 3.g3 d5 4.Bg2 Be7 5.Nf3 O-O 6.O-O c5 7.cxd5 exd5 8.h3 Nc6
9.Nc3 Ne4 10.Be3 Bf6 11.dxc5 Nxc3 12.bxc3 Bxc3 13.Rc1 Bf6 14.Nd4 Nxd4 15.Bxd4 Be6
16.Qd3 Bxd4 17.Qxd4 Qd7 18.Kh2 Rfd8 19.Rfd1 Rac8 20.Rd3 Rc7 21.Ra3 a6 22.Rac3 h6
23.Rb1 Rdc8 24.Rbc1 Kh8 25.e3 Rc6 26.h4 R6c7 27.Bf3 Qd8 28.Kg2 Rc6 29.a3 R6c7
30.Rb1 Qd7 31.Kf1 Kg8 32.Ke2 Rc6 33.Rbc1 R6c7 34.a4 Qd8 35.Kd2 Qe7 36.Ke2 Qd7
37.Kf1 Qd8 38.Kg2 Rc6 39.Bd1 Qa5 40.Bb3 Qd8 41.f4 Kh8 42.Rf1 Qd7 43.Kh2 Rd8
44.a5 Rc7 45.Ba4 Qc8 46.Bb3 Qd7 47.Rf2 Bf5 48.Ba4 Qe6 49.Bc2 Bxc2 50.Rfxc2 Rdc8
51.Rb2 Kg8 52.Rb6 Qd7 53.Rb2 Qe6 54.Rd2 Qe7 55.Rdc2 Qd7 56.Kg2 Rd8 57.Rf2 Qf5
58.Kf3 Qh5+ 59.Kg2 Qf5 60.Rd2 Rdd7 61.Rcd3 Re7 62.Qxd5 Qxd5+ 63.Rxd5 Rxe3
64.Rd8+ Kh7 65.R8d7 Rxc5 66.Rxf7 Rcc3 67.g4 Rg3+ 68.Kf2 Rcf3+ 69.Ke2 Rg2+
70.Kxf3 Rxd2  1-0